Fiori e spade (Record n. 98990)

Dettagli MARC
000 -LEADER
fixed length control field 01039njm a2200289Ia 4500
001 - CONTROL NUMBER
control field 26087
003 - CONTROL NUMBER IDENTIFIER
control field IT-RoPAU
005 - DATE AND TIME OF LATEST TRANSACTION
control field 20220918181111.0
008 - FIXED-LENGTH DATA ELEMENTS--GENERAL INFORMATION
fixed length control field 131025s9999 xx 000 0 und d
040 ## - CATALOGING SOURCE
Original cataloging agency IT-RoPAU
040 ## - CATALOGING SOURCE
Transcribing agency IT-RoPAU
999 ## - SYSTEM CONTROL NUMBERS (KOHA)
Koha Dewey Subclass [OBSOLETE] NO
100 ## - MAIN ENTRY--PERSONAL NAME
Personal name Montori Sergio
9 (RLIN) 15575
100 ## - MAIN ENTRY--PERSONAL NAME
Relator term Autore musica
9 (RLIN) 15576
100 ## - MAIN ENTRY--PERSONAL NAME
Miscellaneous information Codice autore musica SPICS: 1174
9 (RLIN) 15577
245 ## - TITLE STATEMENT
Title Fiori e spade
250 ## - EDITION STATEMENT
Edition statement 1a ed.
260 ## - PUBLICATION, DISTRIBUTION, ETC. (IMPRINT)
Place of publication, distribution, etc. ROMA
260 ## - PUBLICATION, DISTRIBUTION, ETC. (IMPRINT)
Name of publisher, distributor, etc. SPICS RECORDS
Date of publication, distribution, etc. 1985 [1a Ed.:1980 - Ed. Lingua Orig.: 1980]
300 ## - PHYSICAL DESCRIPTION
Extent MUSICASSETTA
300 ## - PHYSICAL DESCRIPTION
Dimensions 39 minuti (Testo: pag.)
500 ## - GENERAL NOTE
General note *Musica strumentale
505 ## - FORMATTED CONTENTS NOTE
Formatted contents note Festa al villaggio - Sotto il balcone - Cavalieri e scudieri - Intrecci d'amore - Paggi e donzelle - Lontananza struggente - Fiori e spade - Messaggio all'amata - Ballata - Il giullare - Notte di luna - Sguardi e sorrisi
650 ## - SUBJECT ADDED ENTRY--TOPICAL TERM
Topical term or geographic name as entry element STRUMENTALE [CASSETTE]
Relator term Codice MATERIA SPICS: 9951
9 (RLIN) 1218
700 ## - ADDED ENTRY--PERSONAL NAME
Personal name Chiti Gianpaolo
Relator term Autore
Miscellaneous information Codice autore SPICS: 1176
9 (RLIN) 15578
942 ## - ADDED ENTRY ELEMENTS (KOHA)
Koha item type MUSICASSETTE
Source of classification or shelving scheme Dewey Decimal Classification
Dati di copia
Withdrawn status Lost status Damaged status Not for loan Home library Current library Date acquired Total Checkouts Full call number Date last seen Price effective from Koha item type Public note
    Buone Condizioni Not For Loan SPICS-MEDIATECA SPICS-MEDIATECA 25/10/2013   26087 25/10/2013 25/10/2013 MUSICASSETTE Progr. Ins.: 5955 / N.Vol.: 1 / Copie: 1 - Copia rara: NO / date import: 01.01.2014 - By Epidotti, Trombetti, Vaglietti
CREDITS: SOCIETA' SAN PAOLO Via A.Severo, 58 - ROMA (RM) & PERIODICI SAN PAOLO SRL Via Giotto, 36 MILANO & CISF Via Giotto, 36 MILANO & EDIZIONI SAN PAOLO SRL,  Piazza Soncino, 5 CINISELLO BALSAMO (MI) -- ITALY